| 000 | 00659nam a2200193 a 4500 | ||
|---|---|---|---|
| 001 | 000042529 | ||
| 005 | 20201002040220.0 | ||
| 008 | 131210s1981 sp 000 0 spa d | ||
| 020 | _a8474791170 | ||
| 040 |
_aDO-SdBNP _bspa _cBNPHU |
||
| 100 | 1 |
_aHerrera, Gabriel Alonso de _969749 |
|
| 245 | 1 | 0 |
_aAgricultura General / _cGabriel Alonso de Herrera. |
| 260 |
_a[Madrid] : _bMinisterio de Agricultura, _c1981. |
||
| 300 |
_a445 p. ; _c28 cm. |
||
| 500 | _aIncluye glosario | ||
| 500 | _aIncluye tabla de capítulos de la agricultura general | ||
| 504 | _aIncluye referencias bibliográficas y notas al pie de las páginas | ||
| 590 | _aInventariado, 2019/ YL | ||
| 999 |
_c42018 _d42018 |
||